Experiment Study on Mechanical Properties of Rice Husk ASH Concrete With Different Water (Record no. 66719)

MARC details
000 -LEADER
fixed length control field 00351nam a22001217a 4500
082 ## - DEWEY DECIMAL CLASSIFICATION NUMBER
Classification number R/4CE16
100 ## - MAIN ENTRY--AUTHOR NAME
Personal name Shahal Khan
-- 16CE52
245 ## - TITLE STATEMENT
Title Experiment Study on Mechanical Properties of Rice Husk ASH Concrete With Different Water
260 ## - PUBLICATION, DISTRIBUTION, ETC. (IMPRINT)
Place of publication Nawabshah
Name of publisher QUEST
Year of publication 2019
300 ## - PHYSICAL DESCRIPTION
Number of Pages 25
700 ## - ADDED ENTRY--PERSONAL NAME
Personal name Department of Civil Engineering
942 ## - ADDED ENTRY ELEMENTS (KOHA)
Koha item type Thesis and Dissertation
Holdings
Withdrawn status Lost status Home library Current library Date acquired Full call number Accession Number Koha item type
    Central Library, QUEST, Nawabshah Research Section 26/11/2020 R/4CE16 CEP/56-701 Thesis and Dissertation